Quizzes
Events
Quiz Creation
Community
Videos
Private Events
Remove Ads
Sign In
Join for FREE
Feedback
Dark Mode
Quiz Categories
Sports
Geography
Music
Movies
Television
Just For Fun
Miscellaneous
History
Literature
Language
Science
Gaming
Entertainment
Religion
Holiday
For Kids
Quiz Lab
Recent
Popular Today
Quiz Kudos Today
Editor Picks
Curator Picks
Quizzes by...
Day
Popularity
Type
Ratings
Length
Year
Community
Subscriptions
Recent Discussions
Orange Saloon
Badges
Playlists
Quests
Create
Leaderboards
Showdown
Live 5
Trivia Bingo
Activity
Puzzle Library
Sporcle Events
Private Events
Virtual Trivia
Globe League
Become a Host
Pub Owners
SporcleCon
Opinionation
Our Games
Videos
Blog
Mobile Apps
Partnerships
Remove Ads and Go Orange
Feedback
Miscellaneous
Crossword
General Knowledge
Baby Names
Logo
Food
Cars
Numbers
Grab Bag
University
College
Popular
Company
Slogans
Restaurants
Justice
Letter
Miscellaneous
Crossword
General Knowledge
Baby Names
Logo
Food
Cars
Numbers
Grab Bag
University
College
Popular
Company
Slogans
Restaurants
Justice
Letter
Random Quiz
Search Sporcle
×
Quiz Lab
Quiz Lab
Miscellaneous
Popular
Type in answers that appear in a list
Type in answers that appear in a list
Classic
Best Score? Go Orange.
Most popular girl names 1900 Stats
Can you name the most popular girl names 1900?
By
elishadavesgirl
10m
100 Questions
288 Plays
288 Plays
288 Plays
Comments
Comments
Give Quiz Kudos
Give Quiz Kudos
-
- Ratings
hide this ad
Replay
Link that replays current quiz
Next Quiz
Link to next quiz in quiz playlist
You Got
0%
They Got
Avg Score
53%
Avg Friend Score
Upgrade to see
Score Distribution
Jump to the score distribution portion of the page
Score
0/100
Timer
10:00
0
Plays Today
% Correct
Mary
95.8%
Ann
92.7%
Elizabeth
91.3%
Margaret
85.8%
Anna
84%
Katherine
80.9%
Catherine
80.6%
Betty
78.1%
Rose
77.1%
Marie
75.3%
Sarah
74.7%
Emma
74%
Helen
73.3%
Alice
72.6%
Ruth
68.8%
Frances
68.4%
Ellen
66.7%
Annie
64.2%
Laura
64.2%
Dorothy
63.9%
Grace
62.8%
Lucy
62.8%
Eleanor
62.8%
Gertrude
62.5%
Louise
61.5%
Ethel
60.8%
May
60.4%
Nora
59.7%
Bertha
59%
Florence
57.6%
Martha
57.3%
Josephine
56.9%
Nancy
56.9%
Eva
56.6%
% Correct
Mildred
56.3%
Esther
56.3%
Ida
55.9%
Ella
55.9%
Virginia
55.9%
Julia
55.6%
Cora
55.6%
Lillian
55.2%
Edna
55.2%
Carrie
55.2%
Edith
54.9%
Kathryn
54.9%
Dora
53.1%
Evelyn
52.8%
Lucille
52.1%
Daisy
52.1%
Agnes
51.7%
Beatrice
51.7%
Bessie
51%
Gladys
50.7%
Georgia
50.7%
Irene
50.3%
Mae
50.3%
Olive
50.3%
Clara
50%
Jennie
50%
Beulah
49%
Pearl
48.6%
Rosa
48.6%
Hazel
48.3%
Minnie
47.2%
Nellie
47.2%
Pauline
46.9%
Ruby
45.5%
% Correct
Jessie
45.5%
Sallie
44.1%
Ada
43.8%
Susie
43.4%
Fannie
42.7%
Marion
42.4%
Nettie
42%
Lillie
41.3%
Vera
40.6%
Hattie
40.3%
Maggie
40.3%
Sadie
39.9%
Bernice
39.2%
Mable
38.9%
Thelma
38.9%
Myrtle
38.5%
Alma
37.2%
Maude
36.1%
Lottie
36.1%
Marguerite
35.4%
Effie
35.1%
Stella
34.7%
Lula
34.4%
Elsie
33.7%
Willie
33%
Blanche
32.6%
Lena
32.3%
Viola
31.9%
Mamie
31.3%
Della
29.9%
Mattie
29.5%
Leona
29.5%
Quiz Playlist
Details
Report
Send in Message
Add To Playlist
Classic:
Type in answers that appear in a list
Last Updated: Feb 16, 2017
Quiz Scoreboard
CHALLENGE
Sign Up to Join the Scoreboard
Show All
Scores
Hide
Comments
May contain spoilers
Recently Published
Billboard Blitz: Fleetwood Mac
by CooCooCachoo
Music
15s
Presidents Visiting Landmarks
by Hejman
History
7m
An Introduction to Baseball
by treessimontrees
Sports
5m
More to Explore
Quiz From the Vault
Featured Blog Post
Where Did the Easter Bunny Come From?
hide this ad
You Might Also Like...
Tags
Popular Quiz
1900
girl
Today's Top Quizzes in Miscellaneous
Browse Miscellaneous
hide this ad
Today's Top Quizzes in Popular
Browse Popular
Top Contributed Quizzes in Miscellaneous
1
5-to-1: Fast Food
2
The JOE quick-fire general knowledge quiz: Day 174
3
The JOE quick-fire general knowledge quiz: Day 173
4
5-to-1: Cocktails
5
The JOE quick-fire general knowledge quiz: Day 172
6
Sunday Crossword: Famous Bodies of Water
7
One Thing in Common: United Kingdom II
8
The JOE quick-fire general knowledge quiz: Day 171
9
Named After an Animal - Odd One Out!
10
The JOE quick-fire quiz: Day 170
Explore More
Trending Topics
Marvel
Disney
Harry Potter
Crossword
NBA
Anime
Kpop
WWE
Country
Song
NFL
Soccer
The Office
Puzzle
Pokémon
hide this ad
More By:
elishadavesgirl
Quiz
Plays
Rating
Category
Featured
Created
most popular girl names 1900
288
4.00
Miscellaneous
Feb 8, 2010
alphabetical state capitals
175
1.00
History
Oct 24, 2009
first ladies
92
1.00
History
Nov 25, 2009
when states entered the union
75
1.83
History
Jan 6, 2010
Go to Creator's Profile
Score Distribution
Quiz Creator Spotlight
elishadavesgirl
Follow
Send a Message
Quizzes Created
-
Created Quiz Play Count
-
More By This Creator
Popular Quizzes Today
1
Find the US States - No Outlines Minefield
2
Find the Countries of Europe - No Outlines Minefield
3
The Countries of the World
4
Find the US States
5
Popular People in 1961
6
US States
7
Risky Map Clicking: Biggest States A-Z
8
Movies - When Are They Set?
More Miscellaneous Quizzes
Find the Impostor: Famous People by Profession
Quiz Lab
Trending Quizzes
Risky Map Clicking: Least Populous States A-Z
1-10 Letter G Words
1-10 Letter F Words
Risky Map Clicking: Next State Alphabetically
'A' Boys' Names Grid
Recently Updated
Leaping Animals
pecheneg
Reality TV Shows (A-Z)
bhenderson79
Rickey Henderson's Hall of Fame Teammates
pecheneg
Champions League XIs: Arsenal
pecheneg
Quick Pick: Celebrities in WWE's Hall of Fame
aduchscher
A-Z Keypad Blitz II
pecheneg
Multiple Oscar Actors
pecheneg
Mystery Phrase Blitz: Oscar 'Best Actors'
pecheneg
F. Scott Fitzgerald Novels
LTH
Pick 3 Villains
ddd62291
Trending Topics
Marvel
Kpop
Harry Potter
Crossword
Disney
Anime
NBA
Puzzle
Country
NFL
The Office
WWE
Soccer
Song
Pokémon
Your Account Isn't Verified!
In order to create a playlist on Sporcle, you need to verify the email address you used during registration. Go to your
Sporcle Settings
to finish the process.
Report this User
Report this user for behavior that violates our
Community Guidelines
.
Details:
Send Report
Go to the Sporcle.com Mobile Site →
Comments